00873nam a2200241Ia 450000500170000000800410001702000180005808200180007610000360009424501490013025000390027930000270031849000270034565000340037270000420040694200120044826400330046033600270049333700330052033800280055304000350058199900150061620220317001029.0160825s2008 ck g 000 0 spa  a978958300601204a320.01 bA73p1 aAristótelesd384 a.C-322 a.C.13aLa política - politeia -cAristóteles de Estagira ; versión directa del original griego, prólogo y notas Manuel Briceño Jáuregui S.J a1a. edición b5a. reimpresión  a363 páginas c22 cm  aFilosofia y Política142LEMBaFilosofía política 1 aBriceno Jauregui, Manuel, S.J.964670 2ddccBK aBogotábPanamericanac2008 atextobtxt2rdacontent asin mediaciónbn2rdamedia avolumenbnc2rdacarrier aCO-BoRNBPbspaerdacCO-BoRNBP c5725d5725